Cordialmente / (Record no. 39459)

MARC details
000 -LEADER
campo de control de longitud fija 00669nam a2200193 i 4500
001 - NÚMERO DE CONTROL
campo de control 39459
003 - IDENTIFICADOR DE NÚMERO DE CONTROL
campo de control ES-MaACL
005 - FECHA Y HORA DE LA ÚLTIMA TRANSACCIÓN
campo de control 20240524102554.0
007 - CAMPO FIJO DE DESCRIPCIÓN FÍSICA--INFORMACIÓN GENERAL
campo de control de longitud fija t|
008 - DATOS DE LONGITUD FIJA--INFORMACIÓN GENERAL
campo de control de longitud fija 030303s1969 sp ||||1| spa d
100 0# - ENTRADA PRINCIPAL--NOMBRE DE PERSONA
Nombre de persona Cancio, Jesús,
Fechas asociadas al nombre 1885-1961
9 (RLIN) 34433
245 10 - MENCIÓN DEL TÍTULO
Título Cordialmente /
Mención de responsabilidad, etc. Jesús Cancio, Isaac Manuel Cuende ; prólogo y bibliografía Aurelio García Cantalapiedra.
260 ## - PUBLICACIÓN, DISTRIBUCIÓN, ETC.
Lugar de publicación, distribución, etc. [S.l. :
Nombre del editor, distribuidor, etc. s.n,
Fecha de publicación, distribución, etc. 1969] (
Lugar de fabricación/manufactura Santander :
Fabricante Imp. Cervantina)
300 ## - DESCRIPCIÓN FÍSICA
Extensión 72 p. ;
Dimensiones 18 cm.
700 1# - ENTRADA AGREGADA--NOMBRE PERSONAL
Nombre de persona Cuende, Isaac Manuel.
9 (RLIN) 42010
700 0# - ENTRADA AGREGADA--NOMBRE PERSONAL
Nombre de persona García Cantalapiedra, Aurelio,
Fechas asociadas al nombre 1919-2010
9 (RLIN) 54334
852 ## - LOCALIZACIÓN
Ubicación ES-MaACL
Número de control de estantería C-36542
Sublocalización o colección R.70980
Holdings
Estatus retirado Estado de pérdida Estado de daño No para préstamo Biblioteca de origen Biblioteca actual Ubicación en estantería Fecha de adquisición Fuente de adquisición Total de préstamos Signatura topográfica completa Código de barras Visto por última vez Precio de reemplazo Tipo de ítem Koha
        Biblioteca del Ateneo de Madrid Biblioteca del Ateneo de Madrid Depósito 2 17/01/2008     C-36542 1041557 23/02/2023 23/02/2023 Libro impreso